| 000 | 00819nam a22002177a 4500 | ||
|---|---|---|---|
| 999 |
_c59299 _d59299 |
||
| 005 | 20230330150121.0 | ||
| 008 | 230116s2021ge xxu||||| |||| 00| 0 ger d | ||
| 020 | _a9783126071703 | ||
| 041 | _ager | ||
| 080 | _a811.112.1 N-46 | ||
| 245 |
_aNetzwerk neu B1. 1 : _bKurs und ubungsbuch mit Audios und Videos / _cStefanie denger, Paul Rusch, Helen Schmitz, tanja sieber. |
||
| 264 |
_aStuttgart : _bErnst Klett Sprachen, _c2021. |
||
| 300 |
_a176 p.: _bill; _c28 cm. |
||
| 653 | _aNetzwerk neu B1 1 Kurs und bungsbuch mit Audios | ||
| 653 | _aგერმანულ ენის კურსი და სავარჯიშო წიგნი | ||
| 700 |
_adenger, Stefanie _916672 |
||
| 700 |
_aRusch, Paul _915285 |
||
| 700 |
_aSchmitz, Helen _916673 |
||
| 700 |
_a Sieber, tanja _916674 |
||
| 942 |
_2udc _cBK |
||